[Event "CZE-ch U10 Girls"]
[Site "Kouty nad Desnou"]
[Date "2024.03.11"]
[Round "3"]
[White "Melicharova, Tereza"]
[Black "Ulsbold, Nandin"]
[Result "0-1"]
[WhiteElo "1432"]
[BlackElo "1074"]
[PlyCount "38"]
[EventDate "2024.03.09"]
[EventType "swiss"]
[EventRounds "9"]
[EventCountry "CZE"]
[SourceTitle "CB12_2024"]
[SourceDate "2023.10.01"]
[SourceVersion "1"]
[SourceVersionDate "2023.10.01"]
[SourceQuality "1"]

1. e4 e5 2. Nf3 Nc6 3. d4 exd4 4. Nxd4 Nf6 5. Nxc6 bxc6 6. Qe2 Be7 7. Nc3 0-0 8. Be3 Bb4 9. Bd4 Bxc3+ 10. bxc3 Nxe4 11. Qd3 d5 12. f3 Qh4+ 13. g3 Nxg3 14. Bf2 Qe7+ 15. Kd1 Nxh1 16. Qe3 Nxf2+ 17. Qxf2 Bf5 18. Kc1 Qa3+ 19. Kd1 Qxc3 0-1

[Event "CZE-ch U10"]
[Site "Teplice"]
[Date "2023.11.16"]
[Round "4"]
[White "Laska, Stepan"]
[Black "Melicharova, Tereza"]
[Result "0-1"]
[WhiteElo "1000"]
[BlackElo "1072"]
[PlyCount "148"]
[EventDate "2023.11.15"]
[EventType "swiss"]
[EventRounds "9"]
[EventCountry "CZE"]
[SourceTitle "CB47_2023"]
[SourceDate "2023.11.22"]
[SourceVersion "1"]
[SourceVersionDate "2023.11.22"]
[SourceQuality "1"]

1. e4 d5 2. exd5 Nf6 3. c4 c6 4. dxc6 Nxc6 5. Nf3 e5 6. Nc3 Bc5 7. Be2 Ng4 8. 0-0 0-0 9. h3 Nxf2 10. Rxf2 Bxf2+ 11. Kxf2 Qf6 12. d3 h6 13. Be3 Rd8 14. Kg1 Qg6 15. Nh4 Qg3 16. Bf2 Qg5 17. Ne4 Qe7 18. Nf3 Bf5 19. Bh4 f6 20. Qb3 Nd4 21. Nxd4 exd4 22. c5+ Kh8 23. Re1 Bxe4 24. dxe4 Qxc5 25. Bf2 Qb6 26. Qf7 Rf8 27. Qh5 Qxb2 28. Rd1 Rad8 29. Bd3 Qxa2 30. Qf5 Qg8 31. Be1 Qh7 32. Qf3 Ra8 33. Bb4 Rfd8 34. Be7 Rd7 35. e5 Qg8 36. exf6 Rxe7 37. fxe7 Re8 38. Qxb7 Qe6 39. Bb5 Rxe7 40. Qb8+ Kh7 41. Bd3+ g6 42. Qg3 a5 43. Ra1 Qe3+ 44. Qxe3 Rxe3 45. Bc2 Re2 46. Bd3 Rd2 47. Be4 Re2 48. Bd3 Re3 49. Bc2 d3 50. Bxd3 Rxd3 51. Rxa5 g5 52. g4 Rxh3 53. Ra7+ Kg6 54. Ra6+ Kf7 55. Kg2 Rh4 56. Kg3 Rh1 57. Kg2 Rc1 58. Ra7+ Kg8 59. Kf3 Rh1 60. Ke4 h5 61. gxh5 Rxh5 62. Kf5 Kf8 63. Ke6 g4 64. Kf6 Rh6+ 65. Kg5 g3 66. Ra8+ Kg7 67. Kg4 g2 68. Ra1 Rh1 69. Ra7+ Kf6 70. Ra6+ Ke5 71. Ra5+ Kd4 72. Ra4+ Kc3 73. Ra3+ Kb2 74. Kg3 g1Q+ 0-1

[Event "CZE-ch U10"]
[Site "Teplice"]
[Date "2023.11.15"]
[Round "2"]
[White "Sury, Jakub"]
[Black "Melicharova, Tereza"]
[Result "0-1"]
[WhiteElo "1000"]
[BlackElo "1072"]
[PlyCount "40"]
[EventDate "2023.11.15"]
[EventType "swiss"]
[EventRounds "9"]
[EventCountry "CZE"]
[SourceTitle "CB47_2023"]
[SourceDate "2023.11.22"]
[SourceVersion "1"]
[SourceVersionDate "2023.11.22"]
[SourceQuality "1"]

1. e4 d5 2. exd5 Nf6 3. Nc3 Nxd5 4. Nxd5 Qxd5 5. Nf3 Nc6 6. c4 Qd6 7. d4 Bf5 8. g3 Be4 9. Be3 Qb4+ 10. Bd2 Qxb2 11. Bg2 Bxf3 12. Bxf3 Qxd4 13. Rc1 Qe5+ 14. Be3 e6 15. 0-0 Rd8 16. Qe2 Nd4 17. Bxd4 Qxe2 18. Bxe2 Rxd4 19. Rcd1 Rxd1 20. Rxd1 Bc5 0-1

[Event "Klatovy op-B 29th"]
[Site "Klatovy"]
[Date "2023.07.09"]
[Round "9"]
[White "Pechanek, Krystof Jan"]
[Black "Melicharova, Tereza"]
[Result "1-0"]
[WhiteElo "1519"]
[BlackElo "1071"]
[PlyCount "77"]
[EventDate "2023.07.01"]
[EventType "swiss"]
[EventRounds "9"]
[EventCountry "CZE"]
[SourceTitle "CBM 215 Extra"]
[Source "ChessBase"]
[SourceDate "2023.09.30"]
[SourceVersion "1"]
[SourceVersionDate "2023.09.30"]
[SourceQuality "1"]

1. Nf3 d5 2. d3 Nc6 3. g3 e5 4. Bg2 Nf6 5. Bg5 Bf5 6. 0-0 Bc5 7. Nbd2 0-0 8. Re1 Re8 9. Nh4 Ne7 10. Bxf6 gxf6 11. Nxf5 Nxf5 12. e4 dxe4 13. Bxe4 Nh6 14. Qh5 Kg7 15. Nf3 Qd7 16. Nh4 Qg4 17. Nf5+ Qxf5 18. Bxf5 Nxf5 19. Qxf5 Rad8 20. Re4 Rd4 21. b3 Rxe4 22. Qxe4 Bd4 23. Re1 b5 24. Qc6 b4 25. Qxe8 Bc3 26. Re4 Bd2 27. Rg4+ Bg5 28. Rxg5+ fxg5 29. Qxe5+ f6 30. Qxc7+ Kg6 31. d4 a5 32. d5 h5 33. d6 h4 34. d7 hxg3 35. hxg3 g4 36. d8Q a4 37. Qd3+ Kg5 38. Qg7+ Kh5 39. Qdh7# 1-0

[Event "CZE-ch U10 Girls"]
[Site "Teplice"]
[Date "2023.03.18"]
[Round "9"]
[White "Hanzlova, Vendula"]
[Black "Melicharova, Tereza"]
[Result "0-1"]
[WhiteElo "1000"]
[BlackElo "1103"]
[PlyCount "90"]
[EventDate "2023.03.11"]
[EventType "swiss"]
[EventRounds "9"]
[EventCountry "CZE"]
[SourceTitle "CBM 213 Extra"]
[Source "ChessBase"]
[SourceDate "2023.05.31"]
[SourceVersion "1"]
[SourceVersionDate "2023.05.31"]
[SourceQuality "1"]

1. e4 d5 2. exd5 Qxd5 3. Nc3 Qd6 4. d4 c6 5. g3 Bf5 6. Bf4 Qb4 7. Bg2 e6 8. Nf3 Nf6 9. Rb1 Ne4 10. 0-0 Qc4 11. Qe1 Bb4 12. Bd2 Bxc3 13. bxc3 Qa6 14. Bf4 0-0 15. Ra1 Nf6 16. Qe5 Bxc2 17. Bg5 Ne4 18. Be7 Re8 19. Qc7 Nxc3 20. a3 Qb6 21. Qd6 Qb2 22. a4 Nxa4 23. Rxa4 Bxa4 24. Bg5 Bb5 25. Qf4 Bxf1 26. Bxf1 Nd7 27. Kg2 Nb6 28. Ne5 f6 29. Bxf6 gxf6 30. Qxf6 Rf8 31. Qg5+ Kh8 32. Be2 Qxe2 33. Qe7 Qxf2+ 34. Kh3 Qxd4 35. Nf7+ Kg8 36. Nh6+ Kh8 37. g4 Qe3+ 38. Kh4 Qxh6+ 39. Kg3 Rg8 40. h4 Qe3+ 41. Kg2 Rxg4+ 42. Kf1 Rf4+ 43. Kg2 Rg8+ 44. Kh2 Rf2+ 45. Kh1 Qh3# 0-1

[Event "CZE-ch U10 Girls"]
[Site "Teplice"]
[Date "2023.03.15"]
[Round "6"]
[White "Melicharova, Tereza"]
[Black "Topencikova, Ellen"]
[Result "1-0"]
[WhiteElo "1103"]
[BlackElo "1000"]
[PlyCount "195"]
[EventDate "2023.03.11"]
[EventType "swiss"]
[EventRounds "9"]
[EventCountry "CZE"]
[SourceTitle "CBM 213 Extra"]
[Source "ChessBase"]
[SourceDate "2023.05.31"]
[SourceVersion "1"]
[SourceVersionDate "2023.05.31"]
[SourceQuality "1"]

1. d4 d5 2. Nf3 Nc6 3. Bf4 Nf6 4. e3 Bf5 5. Nbd2 e6 6. Bb5 Qd7 7. Ne5 Qc8 8. Nxc6 bxc6 9. Bxc6+ Nd7 10. Bxa8 Qxa8 11. Bxc7 Be7 12. 0-0 0-0 13. Nf3 Qc8 14. Bf4 Re8 15. c3 Qc6 16. Re1 Qb6 17. Rb1 Bxb1 18. Qxb1 a5 19. Bg5 Nf6 20. Ne5 Qb7 21. a3 h6 22. Bxf6 Bxf6 23. Nd3 Qc7 24. Nc5 Qd6 25. Qc2 Bd8 26. Qa4 Re7 27. b4 Bc7 28. g3 axb4 29. cxb4 h5 30. Qa8+ Kh7 31. Qa6 Qd8 32. Qd3+ g6 33. Ra1 Bd6 34. a4 Ra7 35. a5 Bxc5 36. dxc5 Qc8 37. a6 Ra8 38. f3 f5 39. h4 Qh8 40. Qd4 e5 41. Qxd5 e4 42. Ra4 exf3 43. Qxf3 Qe8 44. c6 Qc8 45. b5 Ra7 46. Qe2 Qb8 47. Qc4 Qxg3+ 48. Kf1 Qf3+ 49. Ke1 Qxe3+ 50. Qe2 Qc3+ 51. Kf1 Qh3+ 52. Qg2 Qd3+ 53. Qe2 Qh3+ 54. Kg1 Qg3+ 55. Kh1 Qh3+ 56. Qh2 Qf1+ 57. Qg1 Qh3+ 58. Qh2 Qf1+ 59. Qg1 Qh3+ 60. Qh2 Qf1+ 61. Qg1 Qf3+ 62. Qg2 Qd1+ 63. Qg1 Qf3+ 64. Kh2 Qe2+ 65. Qg2 Qe5+ 66. Qg3 Qe2+ 67. Kh3 Qe6 68. Kh2 Qe2+ 69. Kg1 Qd1+ 70. Kh2 Qc2+ 71. Kg1 Qd1+ 72. Kh2 Qc2+ 73. Kh3 g5 74. hxg5 Qxa4 75. c7 Qg4+ 76. Qxg4 fxg4+ 77. Kh4 Rxc7 78. b6 Rc4 79. b7 g3+ 80. Kxh5 g2 81. b8Q g1Q 82. Qb7+ Kg8 83. Kg6 Rc7 84. Qxc7 Qb1+ 85. Kh6 Qh1+ 86. Kg6 Qb1+ 87. Kf6 Qf1+ 88. Ke6 Qh3+ 89. Kd6 Qg3+ 90. Kd7 Qg4+ 91. Kd8 Qxg5+ 92. Kc8 Qb5 93. a7 Qa6+ 94. Qb7 Qe6+ 95. Kb8 Qd6+ 96. Qc7 Qf8+ 97. Qc8 Qxc8+ 98. Kxc8 1-0